| 000 | 00654nam a2200181 a 4500 | ||
|---|---|---|---|
| 001 | 000030929 | ||
| 005 | 20200930062609.0 | ||
| 008 | 090907s1950 dr 000 0 spa d | ||
| 040 |
_aDO-SdBNP _bspa _cBNPHU |
||
| 082 | _bT233p | ||
| 100 | 1 |
_aSánchez y Sánche, Carlos _957445 |
|
| 245 | 1 | 0 |
_aPor los fueros de las dos Universidades de La Española / _cCarlos Sánchez y Sánchez. |
| 260 |
_aCiudad Trujillo, República Dominicana : _bUniversidad Autónoma de Santo Domingo, _c1950. |
||
| 300 |
_a32 p. ; _c24 cm. |
||
| 490 | 1 |
_aUniversidad Autónoma de Santo Domingo _v79 |
|
| 830 | 0 |
_aUniversidad Autónoma de Santo Domingo _v79 _917164 |
|
| 049 | _aBNPD | ||
| 999 |
_c30421 _d30421 |
||